| 000 | 00726nam a2200205 i 4500 | ||
|---|---|---|---|
| 001 | 25148 | ||
| 003 | ES-MaACL | ||
| 005 | 20230906153212.0 | ||
| 007 | t| | ||
| 008 | 021220s1958 sp ||||1| spa d | ||
| 245 | 0 | 3 |
_aEl apostolado rural _b: una llamada de angustia del mundo rural. |
| 260 |
_aMadrid : _bEuroamérica, _c[1958] ( _fNebrija) |
||
| 300 |
_a227 p. ; _c18 cm. |
||
| 490 | 1 | _aPor un mundo mejor | |
| 500 | _aPrecede a tít.: Secretario Nacional de Apostolado Rural de la Acción Católica Española. | ||
| 710 | 2 |
_aSecretariado Nacional de Apostolado Rural de la Acción Católica Española. _96529 |
|
| 830 | 0 |
_aPor un mundo mejor _9182683 |
|
| 852 |
_aES-MaACL _jC-15199 _bR.43025 |
||
| 999 |
_c25148 _d25148 |
||